000 01546nam a22001937a 4500
003 peliumch
005 20260225155006.0
008 220711s2025 ||||g |||| ||spa d
020 _a9786123226213
040 _bspa
_cumch
_djcz
_erda
082 _a343.8/F634/2025
100 _aFlores Gallegos Jorge Raúl
_eautor
245 _aManual de detracciones, retenciones y percepciones:
_bAplicación práctica, jurisprudencia, informe y consultas de la SUNAT/
_cJorge Raúl Flores Gallegos
260 _aLima:
_bInstituto pacífico,
_c2025
300 _a447 p.
500 _aLa verdadera utilidad de este manual radica en su capacidad para trascender el «que» y adentrarse en el «porqué». Hemos desglosado cada disposición, cada artículo, para establecer explicaciones puntuales y claras, identificando las ideas referenciales y las conclusiones fundamentales. Mediante ejemplos ilustrativos y casos que describen supuestos complejos, transformamos el conocimiento teórico en una herramienta de aplicación inmediata. Esto permite, a gerentes, contadores, administradores, estudiantes de derecho y, especialmente, a los emprendedores, comprender la dimensión y los efectos de los supuestos generales, las exclusiones e incluso los escenarios más intrincados, como las «excepciones de las excepciones».
505 _rCapítulo 1
_tMarco legal del sistema de pago de obligaciones tributarias (SPOT)
_rCapítulo 2
_rMarco Reglamentario
_rCapítulo 3
_rRégimen de retenciones del IGV
_rCapítulo 4
_rRégimen de percepciones del IGV
942 _2ddc
_cLIB
_n0
999 _c53653
_d53653